Power Rangers Monsters of the Week - Season 2 - Statistics

General Stats
  • This quiz has been taken 14 times
  • The average score is 14 of 42
Answer Stats
Episode Answer % Correct
19 Lipsyncher
67%
7, 21, 42-43 Robogoat
67%
9 & 15 Stag Beetle
67%
12-13 TurbanShell
67%
36 Bad Bookala
33%
26 Beamcaster
33%
6 Bloom of Doom
33%
35 Cannontop
33%
40 Copyzord
33%
21 Doomstone
33%
34 Flame Head
33%
25 Four Head
33%
11 Guitardo
33%
10, 21, 40-43 Invenusable Flytrap
33%
37 Jaws of Destruction
33%
21 Key Monster
33%
20 Magnet Brain
33%
16 Mirror Maniac
33%
49 Mondo the Magician
33%
8 Octophantom
33%
32 Pachinko Head
33%
39-40 Photomare
33%
14 Pipebrain
33%
1-3 Pirantishead
33%
4 Primator
33%
19 Pursehead
33%
45-46 Rat Monsters
33%
5, 15, 41-43 Saliguana
33%
17-18 Scarlet Sentinels (Nimrod, AC & DC)
33%
31 Scatterbrain
33%
33 Showbiz Monster
33%
28 Silver Horns
33%
30 Skelerena
33%
23-24 Terror Blossom
33%
15 Trumpet Top
33%
38 Tube Monster
33%
36 Weldo
33%
44-46 Wizard of Deception
33%
50-51 Needlenose
0%
48-49 Snow Monster
0%
49 Turkey Jerk
0%
52 Vase Face
0%
No matching quizzes found
Score Distribution
Percent of People with Each Score
Percentile by Number Answered
Your Score History
You have not taken this quiz